| 000 | 00888nam a22002057a 4500 | ||
|---|---|---|---|
| 999 |
_c19322 _d19322 |
||
| 008 | 240223b ||||| |||| 00| 0 eng d | ||
| 020 | _a9781119837411 | ||
| 082 |
_aDC 621.38150285 _bT737 2023 |
||
| 100 |
_aTripathi, Suman Lata. _953180 |
||
| 245 |
_aProgramming and GUI fundamentals : _bTCL-TK for electronic design automation (EDA) / _cSuman Lata Tripathi, Abhishek Kumar, Jyotirmoy Pathak. |
||
| 260 |
_aHoboken, New Jersey : _bWiley-IEEE Press, _c©2023. |
||
| 300 |
_a212 pages : _billustrations ; _c26 cm. |
||
| 500 | _aIncludes bibliographical references and index. | ||
| 650 |
_aIntegrated circuits _xComputer-aided design. _953181 |
||
| 650 |
_aGraphical user interfaces (Computer systems). _953182 |
||
| 650 |
_aTcl (Computer program language). _953183 |
||
| 700 |
_aKumar, Abhishek _eauthor. _953184 |
||
| 700 |
_aPathak, Jyotirmoy _eauthor. _953185 |
||
| 942 |
_2ddc _cDC |
||